|
|
|
|
| LEADER |
02136nam a2200493 4500 |
| 001 |
ocn934626471 |
| 003 |
OCoLC |
| 005 |
20180501122028.0 |
| 006 |
m o d |
| 007 |
cr cnu---unuuu |
| 008 |
160113s2016 maua ob 001 0 eng d |
| 040 |
|
|
|a N$T
|b eng
|e rda
|e pn
|c N$T
|d N$T
|d YDXCP
|d UIU
|d OCLCF
|d CDX
|d IDEBK
|d EBLCP
|d REB
|d OCLCQ
|d MEU
|d GrThAP
|
| 019 |
|
|
|a 934769889
|
| 020 |
|
|
|a 9780128035658
|q electronic bk.
|
| 020 |
|
|
|a 012803565X
|q electronic bk.
|
| 020 |
|
|
|a 9780128035269
|
| 020 |
|
|
|a 0128035269
|
| 035 |
|
|
|a (OCoLC)934626471
|z (OCoLC)934769889
|
| 050 |
|
4 |
|a QP531
|b .E43 2016
|
| 072 |
|
7 |
|a SCI
|x 007000
|2 bisacsh
|
| 082 |
0 |
4 |
|a 572.51
|2 23
|
| 049 |
|
|
|a TEFA
|
| 245 |
0 |
0 |
|a Insights from Imaging in Bioinorganic Chemistry /
|c edited by Rudi van Eldik, Colin D. Hubbard.
|
| 250 |
|
|
|a First edition.
|
| 264 |
|
1 |
|a Cambridge, MA :
|b Academic Press,
|c 2016.
|
| 300 |
|
|
|a 1 online resource (xiv, 509 :
|b illustrations).
|
| 336 |
|
|
|a text
|b txt
|2 rdacontent
|
| 337 |
|
|
|a computer
|b c
|2 rdamedia
|
| 338 |
|
|
|a online resource
|b cr
|2 rdacarrier
|
| 490 |
1 |
|
|a Advances in inorganic chemistry ;
|v volume sixty eight
|
| 546 |
|
|
|a Text in English.
|
| 588 |
0 |
|
|a Online resource; title from PDF title page (EBSCO, viewed January 14, 2016)
|
| 504 |
|
|
|a Includes bibliographical references and index.
|
| 520 |
8 |
|
|a Annotation
|b This volume continues a long-running series that describes recent advances in scientific research, in particular, in the field of inorganic chemistry. Several highly regarded experts, mostly from academe, contribute on specific topics.
|
| 650 |
|
0 |
|a Bioinorganic chemistry.
|
| 650 |
|
0 |
|a Imaging systems in chemistry.
|
| 650 |
|
7 |
|a SCIENCE / Life Sciences / Biochemistry
|2 bisacsh
|
| 650 |
|
7 |
|a Bioinorganic chemistry.
|2 fast
|0 (OCoLC)fst00832183
|
| 650 |
|
7 |
|a Imaging systems in chemistry.
|2 fast
|0 (OCoLC)fst00967625
|
| 655 |
|
4 |
|a Electronic books.
|
| 700 |
1 |
|
|a Eldik, Rudi van,
|e editor.
|
| 700 |
1 |
|
|a Hubbard, Colin D.,
|e editor.
|
| 830 |
|
0 |
|a Advances in inorganic chemistry ;
|v volume 68.
|
| 856 |
4 |
0 |
|u https://www.sciencedirect.com/science/bookseries/08988838/68
|z Full Text via HEAL-Link
|